000 00372pam a2200145 a 4500
020 _c
041 _aeng
082 _a050
_bDON
100 _aDonner m ,
_eAuthor .
245 _aIEEE Security & privacy vol - 6 ,
_hBound Volumes
260 _a[s.l]:
_bIEEE Computer Society ,
_c2008.
300 _bHb;
_c28*20.
653 _aGeneral serial publications
930 _a16696
999 _c59917
_d59917